| 000 | 00420pab a2200145 454500 | ||
|---|---|---|---|
| 008 | 180718b1983 xxu||||| |||| 00| 0 eng d | ||
| 100 | _aAllmand, Monica | ||
| 245 |
_aAdvancement in the training of librarians on reference _bA case study in Argentina |
||
| 260 | _c1983 | ||
| 300 | _a128-35 | ||
| 362 | _aDec. | ||
| 650 | _aTraining - Libraries | ||
| 773 | _aJournal of Library and Information Science | ||
| 909 | _a19498 | ||
| 999 |
_c19498 _d19498 |
||